ბათუმის შოთა რუსთაველის სახელმწიფო უნივერსიტეტის ბიბლიოთეკა

მონაცემთა მიღება-გადაცემის მართვისა და დიაგნოსტირების ალგორითმი კომპიუტერულ ქსელებში (ბიბ.ჩანაწერი № 34855)

000 -LEADER
fixed length control field 00859nam a2200229Ia 4500
001 - CONTROL NUMBER
control field 673
003 - CONTROL NUMBER IDENTIFIER
control field GE_BSU
008 - FIXED-LENGTH DATA ELEMENTS--GENERAL INFORMATION
fixed length control field 181216s||||||||xx |||||||||||||| ||und||
020 ## - INTERNATIONAL STANDARD BOOK NUMBER
International Standard Book Number 9789941146015
040 ## - CATALOGING SOURCE
Transcribing agency GE_BSU
080 ## - UNIVERSAL DECIMAL CLASSIFICATION NUMBER
Universal Decimal Classification number 681.3(075.8)
100 ## - MAIN ENTRY--PERSONAL NAME
Personal name ნატროშვილი,ო
245 ## - TITLE STATEMENT
Title მონაცემთა მიღება-გადაცემის მართვისა და დიაგნოსტირების ალგორითმი კომპიუტერულ ქსელებში
260 ## - PUBLICATION, DISTRIBUTION, ETC.
Place of publication, distribution, etc. თბილისი
260 ## - PUBLICATION, DISTRIBUTION, ETC.
Name of publisher, distributor, etc. ტექნიკური უნივერსიტეტი
260 ## - PUBLICATION, DISTRIBUTION, ETC.
Date of publication, distribution, etc. 2009
300 ## - PHYSICAL DESCRIPTION
Extent 275 გვ.
653 ## - INDEX TERM--UNCONTROLLED
Uncontrolled term ალგორითმი
653 ## - INDEX TERM--UNCONTROLLED
Uncontrolled term კომპიუტერული ქსელები
942 ## - ADDED ENTRY ELEMENTS (KOHA)
Koha item type წიგნი

არაა ხელმისაწვდომი ეგზემპლარები.